Spell the Fantastic Four Member #20 - Statistics

General Stats
  • This quiz has been taken 12 times
  • The average score is 7 of 10
Answer Stats
Picture Answer % Correct
Namor the Sub-Mariner
100%
Okoye
100%
Iceman
83%
Lockjaw
83%
Valeria Richards
75%
Energizer
67%
Wolverine
67%
Roz Solomon
50%
Wyatt Wingfoot
42%
Elementa
25%
No matching quizzes found
Score Distribution
Percent of People with Each Score
Percentile by Number Answered
Your Score History
You have not taken this quiz